[Event "TTO-ch"]
[Site "Port of Spain"]
[Date "2019.08.31"]
[Round "1"]
[White "Ramoutar, Alan Safar"]
[Black "Soondarsingh, Dev"]
[Result "1-0"]
[WhiteElo "2171"]
[BlackElo "2030"]
[PlyCount "83"]
[EventDate "2019.08.31"]
[EventType "tourn"]
[EventRounds "11"]
[EventCountry "TRI"]
[SourceTitle "EXT 2020"]
[Source "ChessBase"]
[SourceDate "2019.10.17"]
[SourceVersion "1"]
[SourceVersionDate "2019.10.17"]
[SourceQuality "1"]

1. e4 d5 2. exd5 Qxd5 3. Nc3 Qd6 4. d4 Nf6 5. Nf3 c6 6. h3 g6 7. Bd3 Bg7 8. 0-0 0-0 9. Re1 Nbd7 10. Bg5 Nb6 11. Qe2 Be6 12. Bh4 Rfe8 13. Bg3 Qb4 14. a3 Qa5 15. Ne5 Nbd5 16. Ne4 Nxe4 17. Bxe4 Nf6 18. Bd3 Bh6 19. Rad1 Rad8 20. Bc4 Bd5 21. Bxd5 cxd5 22. Ng4 Nxg4 23. Qxg4 Qa4 24. c3 Qd7 25. Qh4 Bg7 26. Re2 Bf6 27. Qf4 Rc8 28. Rde1 Bg7 29. Bh4 e6 30. Bf6 Bxf6 31. Qxf6 Qe7 32. Qe5 Qc7 33. Qg5 Qe7 34. Qxd5 Qc7 35. Qf3 Red8 36. Qf6 Rd5 37. Rxe6 fxe6 38. Qxe6+ Qf7 39. Qxc8+ Kg7 40. Qe6 Rd7 41. Qxf7+ Kxf7 42. Re5 1-0

[Event "TTO-ch"]
[Site "Port of Spain"]
[Date "2018.10.28"]
[Round "4"]
[White "Soondarsingh, Dev"]
[Black "Cupid, Kevin"]
[Result "1/2-1/2"]
[WhiteElo "2049"]
[BlackElo "2124"]
[PlyCount "138"]
[EventDate "2018.10.14"]
[EventType "tourn"]
[EventRounds "11"]
[EventCountry "TRI"]
[SourceTitle "EXT 2020"]
[Source "ChessBase"]
[SourceDate "2019.10.17"]
[SourceVersion "1"]
[SourceVersionDate "2019.10.17"]
[SourceQuality "1"]

1. d4 Nf6 2. Nf3 e6 3. g3 b6 4. Bg2 Be7 5. 0-0 0-0 6. c4 Ba6 7. Qc2 c6 8. b3 d5 9. Bb2 Qc8 10. Nbd2 c5 11. Rac1 Nc6 12. e3 Rd8 13. Rfd1 Nb4 14. Qb1 dxc4 15. Nxc4 Bb7 16. Ncd2 Qb8 17. a3 Na6 18. Bf1 cxd4 19. Nxd4 Nc5 20. b4 Nce4 21. Nxe4 Bxe4 22. Qa1 Qb7 23. Nb5 Rxd1 24. Rxd1 Ne8 25. Rc1 a5 26. bxa5 Rxa5 27. Bc3 Ra8 28. Bxg7 f6 29. Bh6 Kf7 30. Rc4 Rd8 31. Nc3 Bg6 32. Bg2 Qa6 33. Ra4 Qd3 34. Bf1 Qc2 35. Rd4 Rc8 36. Ne2 Ra8 37. Rd7 Qc8 38. Qd1 Rxa3 39. Nf4 Qc6 40. Bg2 Qa4 41. Qxa4 Rxa4 42. Bf3 Ra1+ 43. Kg2 Nd6 44. Nxg6 hxg6 45. e4 e5 46. Be3 Ra6 47. Be2 Ra4 48. f3 Ke6 49. Rc7 Ra2 50. Kf1 Rb2 51. Rc6 Bd8 52. h4 Kd7 53. Rc1 Rb3 54. Bd2 f5 55. exf5 Nxf5 56. Be1 b5 57. g4 Nd4 58. Rd1 Bb6 59. h5 gxh5 60. gxh5 Ke7 61. Bh4+ Kf7 62. Bg5 Rb2 63. Rd2 Rb1+ 64. Rd1 Rxd1+ 65. Bxd1 Nf5 66. Bb3+ Kg7 67. Kg2 Be3 68. Bxe3 Nxe3+ 69. Kf2 Nf5 1/2-1/2

[Event "Port of Spain Knights op 45th"]
[Site "Port of Spain"]
[Date "2018.04.12"]
[Round "2"]
[White "Johnson, Joshua"]
[Black "Soondarsingh, Dev"]
[Result "1-0"]
[WhiteElo "2200"]
[BlackElo "1971"]
[PlyCount "67"]
[EventDate "2018.04.05"]
[EventType "swiss"]
[EventRounds "7"]
[EventCountry "TRI"]
[SourceTitle "CBM 184 Extra"]
[Source "ChessBase"]
[SourceDate "2018.06.28"]
[SourceVersion "1"]
[SourceVersionDate "2018.06.28"]
[SourceQuality "1"]

1. e4 c5 2. Ne2 d6 3. g3 Nc6 4. Bg2 g6 5. c3 e5 6. d4 Bg7 7. Be3 Qe7 8. h3 Nf6 9. Nd2 0-0 10. 0-0 b5 11. f4 Nd7 12. d5 Nd8 13. f5 Rb8 14. b3 h6 15. g4 g5 16. Nf3 Nf6 17. Nxg5 Nxd5 18. exd5 hxg5 19. Ng3 f6 20. Ne4 Rf7 21. b4 cxb4 22. cxb4 Bb7 23. Rc1 Ba8 24. h4 gxh4 25. g5 fxg5 26. Bxg5 Qf8 27. Qg4 Bxd5 28. Nf6+ Rxf6 29. Bxd5+ Kh8 30. Qxh4+ Rh6 31. Bxh6 Bxh6 32. Rc7 a5 33. Rf3 axb4 34. Rh3 1-0

[Event "Port of Spain op"]
[Site "Port of Spain"]
[Date "2017.08.27"]
[Round "2"]
[White "Soondarsingh, Dev"]
[Black "Johnson, Joshua"]
[Result "1/2-1/2"]
[WhiteElo "1951"]
[BlackElo "2225"]
[PlyCount "43"]
[EventDate "2017.08.27"]
[EventType "swiss"]
[EventRounds "9"]
[EventCountry "TRI"]
[SourceTitle "CBM 180 Extra"]
[Source "ChessBase"]
[SourceDate "2017.10.06"]
[SourceVersion "1"]
[SourceVersionDate "2017.10.06"]
[SourceQuality "1"]

1. d4 c5 2. c3 cxd4 3. cxd4 g6 4. Nf3 Bg7 5. Nc3 d5 6. Bf4 a6 7. e3 Nc6 8. Qa4 Nf6 9. Ne5 Qb6 10. Bb5 0-0 11. Nxc6 bxc6 12. Bxc6 Ra7 13. Nxd5 Nxd5 14. Bxd5 Bd7 15. Qa3 Bb5 16. Qc5 Qxc5 17. dxc5 Bxb2 18. Rb1 Bc3+ 19. Kd1 Rc8 20. c6 Bxc6 21. Bxc6 Rxc6 22. Ke2 1/2-1/2

[Event "Port of Spain op"]
[Site "Port of Spain"]
[Date "2016.07.31"]
[Round "4"]
[White "Soondarsingh, Dev"]
[Black "Davis, Daryl"]
[Result "1-0"]
[WhiteElo "1943"]
[BlackElo "1827"]
[PlyCount "99"]
[EventDate "2016.07.29"]
[EventType "swiss"]
[EventRounds "9"]
[EventCountry "TRI"]
[SourceTitle "EXT 2023"]
[Source "ChessBase"]
[SourceDate "2022.10.05"]
[SourceVersion "1"]
[SourceVersionDate "2022.10.05"]
[SourceQuality "1"]

1. d4 Nf6 2. Nf3 e6 3. g3 d5 4. Bg2 c5 5. 0-0 Nc6 6. c4 Be7 7. cxd5 Nxd5 8. dxc5 Bxc5 9. Qd2 Qb6 10. a3 Bd7 11. b4 Bd4 12. Nxd4 Nxd4 13. Qb2 Rc8 14. e3 Nc2 15. Qxg7 Rf8 16. e4 Ne7 17. Bh6 Rg8 18. Qb2 Nxa1 19. Qxa1 Rc2 20. Nd2 Bb5 21. Re1 Nc6 22. Be3 Qd8 23. Nb3 b6 24. Rd1 Qc7 25. Qb1 Rc3 26. Qb2 Rxe3 27. fxe3 Ke7 28. Rc1 Qe5 29. Nd4 Nxd4 30. exd4 Qg5 31. Qc3 Rd8 32. d5 Bd7 33. Rf1 Rc8 34. Qf3 f5 35. dxe6 Bxe6 36. exf5 Bd7 37. Qe4+ Kf8 38. Qd4 Bb5 39. Qh8+ Qg8 40. Qf6+ Qf7 41. Qh6+ Qg7 42. Qxg7+ Kxg7 43. f6+ Kf7 44. Bd5+ Kf8 45. Re1 Bc4 46. Bxc4 Rxc4 47. Re7 Rc6 48. Rxh7 Rxf6 49. Rxa7 Rf3 50. Kg2 1-0

[Event "De Verteuil Memorial 23rd"]
[Site "Port of Spain"]
[Date "2015.11.05"]
[Round "5"]
[White "Soondarsingh, Dev"]
[Black "Yearwood, Sean"]
[Result "1/2-1/2"]
[WhiteElo "1928"]
[BlackElo "1653"]
[PlyCount "87"]
[EventDate "2015.10.08"]
[EventType "swiss"]
[EventRounds "7"]
[EventCountry "TRI"]
[SourceTitle "CBM 169 Extra"]
[Source "ChessBase"]
[SourceDate "2015.12.18"]
[SourceVersion "1"]
[SourceVersionDate "2015.12.18"]
[SourceQuality "1"]

1. Nf3 Nf6 2. d4 d6 3. g3 g6 4. Bg2 Bg7 5. 0-0 0-0 6. c4 Nbd7 7. Nc3 c5 8. h3 a6 9. Be3 Qc7 10. b3 cxd4 11. Nxd4 Nc5 12. Rc1 Bd7 13. b4 Ne6 14. Nd5 Qd8 15. Nxe6 Bxe6 16. Bb6 Qd7 17. Nc7 Rac8 18. Nxe6 Qxe6 19. Qd3 Nd7 20. Bd4 Bxd4 21. Qxd4 b6 22. Rc2 Rc7 23. Rfc1 Rfc8 24. g4 Qe5 25. Qd2 Qe6 26. Bd5 Qf6 27. Rc3 e6 28. Bg2 d5 29. f4 dxc4 30. Qd6 e5 31. Qxf6 Nxf6 32. fxe5 Nd7 33. Re3 Re8 34. e6 Rxe6 35. Rxe6 fxe6 36. Kf2 b5 37. Ke3 Kf7 38. Kd4 Ke7 39. Kc3 e5 40. Rd1 Nf6 41. g5 Nd7 42. h4 Ra7 43. Rd5 Ke6 44. e4 1/2-1/2

[Event "Port of Spain Knights op"]
[Site "Port of Spain"]
[Date "2015.05.14"]
[Round "5"]
[White "Soondarsingh, Dev"]
[Black "James, Kevin"]
[Result "1-0"]
[WhiteElo "1971"]
[BlackElo "1869"]
[PlyCount "74"]
[EventDate "2015.04.16"]
[EventType "swiss"]
[EventRounds "7"]
[EventCountry "TRI"]
[SourceTitle "EXT 2016"]
[Source "ChessBase"]
[SourceDate "2015.10.08"]
[SourceVersion "1"]
[SourceVersionDate "2015.10.08"]
[SourceQuality "1"]

1. d4 Nf6 2. Nf3 g6 3. g3 Bg7 4. Bg2 c5 5. 0-0 cxd4 6. Nxd4 0-0 7. c4 Nc6 8. Nc3 Qa5 9. Nxc6 dxc6 10. Qb3 Qh5 11. f3 Qc5+ 12. Kh1 Be6 13. Qxb7 Bxc4 14. Qc7 Rac8 15. Qf4 Nd5 16. Nxd5 cxd5 17. Re1 Qa5 18. Bd2 Qa6 19. Bc3 f6 20. Bh3 Rc6 21. Qd2 e5 22. b3 d4 23. Bb4 Rb8 24. bxc4 Rxc4 25. a3 f5 26. e3 Qc6 27. exd4 Rxd4 28. Qa2+ Kh8 29. Bg2 Rc4 30. Rad1 Rc8 31. Qd2 Rc2 32. Qd7 Qb6 33. Rd2 R2c7 34. Qd5 Rc4 35. Qf7 Rd4 36. Rc2 Rg8 37. Rc7 Rd2 1-0

[Event "De Verteuil Memorial 21st"]
[Site "Port of Spain"]
[Date "2013.11.14"]
[Round "5"]
[White "Soondarsingh, Dev"]
[Black "Johnson, Joshua"]
[Result "0-1"]
[WhiteElo "1979"]
[BlackElo "2010"]
[PlyCount "112"]
[EventDate "2013.10.17"]
[EventType "swiss"]
[EventRounds "7"]
[EventCountry "TRI"]
[SourceTitle "CBM 157 Extra"]
[Source "ChessBase"]
[SourceDate "2013.12.19"]
[SourceVersion "1"]
[SourceVersionDate "2013.12.19"]
[SourceQuality "1"]

1. c4 e5 2. d3 Nf6 3. Nf3 Nc6 4. e3 Bc5 5. Be2 0-0 6. 0-0 d6 7. Nc3 Bb6 8. a3 Ne7 9. b4 c6 10. Bb2 Ng6 11. Qc2 Re8 12. Rfd1 d5 13. h3 Bf5 14. Bf1 Qe7 15. c5 Bc7 16. e4 Be6 17. d4 dxe4 18. Nxe4 Nxe4 19. Qxe4 f5 20. Qc2 e4 21. Ne5 Qg5 22. Nxg6 Qxg6 23. Bc4 Bd5 24. Bxd5+ cxd5 25. Qe2 h5 26. Kh1 Re6 27. Qb5 Qf7 28. Qxb7 Rd8 29. Rg1 f4 30. Qb5 f3 31. Qf1 h4 32. Re1 Qf4 33. g3 hxg3 34. Rxg3 Qd2 35. Bc1 Qxd4 36. Rxf3 Qe5 37. Bf4 Qf5 38. Bxc7 Qxf3+ 39. Kh2 Rf8 40. Bg3 Qxa3 41. Qb5 Rfe8 42. Re3 Qb2 43. Re2 Qa1 44. c6 Qc3 45. Qxd5 Qxc6 46. Qb3 Kh8 47. Re3 Qb5 48. Qc3 Rc6 49. Qd4 Rc4 50. Qxa7 Rxb4 51. Bd6 Rb1 52. Rg3 Rg8 53. Bf8 Qe5 54. Qf7 Rf1 55. Bc5 Qxc5 56. Re3 Qxe3 0-1

[Event "De Verteuil Memorial 18th"]
[Site "Port of Spain"]
[Date "2010.11.25"]
[Round "7"]
[White "Soondarsingh, Dev"]
[Black "Johnson, Joshua"]
[Result "0-1"]
[WhiteElo "1898"]
[BlackElo "1839"]
[PlyCount "106"]
[EventDate "2010.10.14"]
[EventType "swiss"]
[EventRounds "7"]
[EventCountry "TRI"]
[SourceTitle "EXT 2013"]
[Source "ChessBase"]
[SourceDate "2012.11.22"]
[SourceVersion "1"]
[SourceVersionDate "2012.11.22"]
[SourceQuality "1"]

1. e4 e5 2. Nf3 Nc6 3. Bb5 a6 4. Ba4 Nf6 5. 0-0 b5 6. Bb3 Be7 7. Re1 0-0 8. d4 d6 9. c3 Bg4 10. d5 Na5 11. Bc2 Nb7 12. Nbd2 h6 13. Nf1 Nh7 14. h3 Bd7 15. Ng3 Nc5 16. Be3 Na4 17. b3 Nxc3 18. Qd2 b4 19. a3 a5 20. Nh5 f5 21. axb4 axb4 22. Rxa8 Qxa8 23. Bxh6 Rf7 24. Bg5 f4 25. Bxe7 Rxe7 26. Nh2 g6 27. Nxf4 exf4 28. Qxf4 Nxd5 29. Qg3 Nf8 30. f4 Nc3 31. e5 Qa2 32. Qg5 Rg7 33. Bd3 Qxb3 34. Ng4 Bxg4 35. Qxg4 Nd5 36. Be4 Nc3 37. Bd3 Qe6 38. Qxe6+ Nxe6 39. exd6 Nxf4 40. Bc4+ Kh7 41. dxc7 Rxc7 42. Bb3 Nce2+ 43. Kf2 Rc3 44. Bd1 Nd3+ 45. Kxe2 Nxe1 46. Kxe1 b3 47. Kd2 b2 48. Bc2 Rg3 49. Be4 Rxg2+ 50. Kc3 Rg3+ 51. Kxb2 Rxh3 52. Kc2 Re3 53. Bd3 Kh6 0-1